Tâm lý học quản trị kinh doanh
Tham khảo "Giáo trình về Tâm lý học Quản trị kinh doanh" Tâm lý là sự phản ánh sự vật hiện tượng của thế giới khách quan, não làm chức năng phản ánh đó. Sự phản ánh này có tính chất chủ thể và mang bản chất xã hội - lịch sử. 2....
Enregistré dans:
| Auteur principal: | |
|---|---|
| Format: | Livre |
| Langue: | Vietnamese |
| Publié: |
H.
Lao động - Xã hội
2012
|
| Édition: | Tái bản lần thứ 5, có sửa chữa bổ sung |
| Sujets: | |
| Tags: |
Ajouter un tag
Pas de tags, Soyez le premier à ajouter un tag!
|
| Thư viện lưu trữ: | Thư viện Trường Đại học Nam Cần Thơ |
|---|
| LEADER | 03318aam a22003498a 4500 | ||
|---|---|---|---|
| 001 | NCT_21368 | ||
| 008 | 160713s2016 ||||||viesd | ||
| 999 | |c 1013 |d 1013 | ||
| 020 | |c 38000 | ||
| 082 | 0 | 4 | |2 23rd ed. |a 658.409 |b D513 |
| 100 | 1 | |a Thái Trí Dũng | |
| 245 | 1 | 0 | |a Tâm lý học quản trị kinh doanh |c Thái Trí Dũng |
| 250 | |a Tái bản lần thứ 5, có sửa chữa bổ sung | ||
| 260 | |a H. |b Lao động - Xã hội |c 2012 | ||
| 300 | |a 243 tr. |b Minh họa |c 21cm | ||
| 520 | 3 | |a Tham khảo "Giáo trình về Tâm lý học Quản trị kinh doanh" Tâm lý là sự phản ánh sự vật hiện tượng của thế giới khách quan, não làm chức năng phản ánh đó. Sự phản ánh này có tính chất chủ thể và mang bản chất xã hội - lịch sử. 2. Đặc điểm của tâm lý người: Khi nói đến tâm lý người cần nắm một số đặc điểm cơ bản sau: - Tâm lý là hiện tượng tinh thần là đời sống nội tâm của con người | |
| 653 | |a Quản trị kinh doanh | ||
| 942 | |2 ddc |c BK | ||
| 952 | |0 0 |1 0 |2 ddc |4 0 |6 658_409000000000000_D513 |7 0 |9 11781 |a 000001 |b 000001 |d 2018-06-22 |o 658.409 D513 |p MD.06531 |r 2018-06-22 |v 38000.00 |w 2018-06-22 |y BK | ||
| 952 | |0 0 |1 0 |2 ddc |4 0 |6 658_409000000000000_D513 |7 0 |9 11782 |a 000001 |b 000001 |d 2018-06-22 |o 658.409 D513 |p MD.06532 |r 2018-06-22 |v 38000.00 |w 2018-06-22 |y BK | ||
| 952 | |0 0 |1 0 |2 ddc |4 0 |6 658_409000000000000_D513 |7 0 |9 11783 |a 000001 |b 000001 |d 2018-06-22 |o 658.409 D513 |p MD.06533 |r 2018-06-22 |v 38000.00 |w 2018-06-22 |y BK | ||
| 952 | |0 0 |1 0 |2 ddc |4 0 |6 658_409000000000000_D513 |7 0 |9 11784 |a 000001 |b 000001 |d 2018-06-22 |o 658.409 D513 |p MD.06534 |r 2018-06-22 |v 38000.00 |w 2018-06-22 |y BK | ||
| 952 | |0 0 |1 0 |2 ddc |4 0 |6 658_409000000000000_D513 |7 0 |9 11785 |a 000001 |b 000001 |d 2018-06-22 |o 658.409 D513 |p MD.06535 |r 2018-06-22 |v 38000.00 |w 2018-06-22 |y BK | ||
| 952 | |0 0 |1 0 |2 ddc |4 0 |6 658_409000000000000_D513 |7 0 |9 11786 |a 000001 |b 000001 |d 2018-06-22 |o 658.409 D513 |p MD.06536 |r 2018-06-22 |v 38000.00 |w 2018-06-22 |y BK | ||
| 952 | |0 0 |1 0 |2 ddc |4 0 |6 658_409000000000000_D513 |7 0 |9 11787 |a 000001 |b 000001 |d 2018-06-22 |o 658.409 D513 |p MD.06537 |r 2018-06-22 |v 38000.00 |w 2018-06-22 |y BK | ||
| 952 | |0 0 |1 0 |2 ddc |4 0 |6 658_409000000000000_D513 |7 0 |9 11788 |a 000001 |b 000001 |d 2018-06-22 |o 658.409 D513 |p MD.06538 |r 2018-06-22 |v 38000.00 |w 2018-06-22 |y BK | ||
| 952 | |0 0 |1 0 |2 ddc |4 0 |6 658_409000000000000_D513 |7 0 |9 11789 |a 000001 |b 000001 |d 2018-06-22 |o 658.409 D513 |p MD.06539 |r 2018-06-22 |v 38000.00 |w 2018-06-22 |y BK | ||
| 952 | |0 0 |1 0 |2 ddc |4 0 |6 658_409000000000000_D513 |7 0 |9 11790 |a 000001 |b 000001 |d 2018-06-22 |o 658.409 D513 |p MD.06540 |r 2018-06-22 |v 38000.00 |w 2018-06-22 |y BK | ||
| 952 | |0 0 |1 0 |2 ddc |4 0 |6 658_409000000000000_D513 |7 0 |9 11791 |a 000001 |b 000001 |d 2018-06-22 |l 1 |o 658.409 D513 |p MD.05089 |q 2022-02-26 |r 2022-02-11 |s 2022-02-11 |v 89000.00 |w 2018-06-22 |y BK | ||
| 952 | |0 0 |1 0 |2 ddc |4 0 |6 658_409000000000000_D513 |7 0 |9 11792 |a 000001 |b 000001 |d 2018-06-22 |o 658.409 D513 |p MD.05095 |r 2018-06-22 |v 38000.00 |w 2018-06-22 |y BK | ||
| 952 | |0 0 |1 0 |2 ddc |4 0 |6 658_409000000000000_D513 |7 0 |9 11793 |a 000001 |b 000001 |d 2018-06-22 |l 1 |o 658.409 D513 |p MD.05096 |r 2020-01-14 |s 2020-01-08 |v 38000.00 |w 2018-06-22 |y BK | ||
| 980 | |a Thư viện Trường Đại học Nam Cần Thơ | ||